| 000 | 00804nam a2200277 i 4500 | ||
|---|---|---|---|
| 001 | 200440511 | ||
| 999 |
_c200440511 _d58723 |
||
| 003 | TR-AnTOB | ||
| 005 | 20250728092850.0 | ||
| 007 | ta | ||
| 008 | 210426s1998 tu g 00| 0 tur d | ||
| 040 |
_aTR-AnTOB _beng _erda _cTR-AnTOB |
||
| 041 | 1 |
_atur _heng |
|
| 050 | 4 |
_aHV6433.T9 _bT8719 1998 |
|
| 090 |
_aHV6433.T9 _bT8719 1998 |
||
| 245 | 0 | 0 |
_aTürkiye & terörizm / _cÇev. Ertaş Tinar. |
| 264 | 1 |
_aİstanbul : _b[publisher not identified] _c1998. |
|
| 300 |
_a44 pages ; _c30 cm |
||
| 336 |
_2rdacontent _atext _btxt |
||
| 337 |
_2rdamedia _aunmediated _bn |
||
| 338 |
_2rdacarrier _avolume _bnc |
||
| 650 | 0 |
_aTerörizm _zTürkiye _917453 |
|
| 700 | 1 |
_aTinar, Ertaç _etranslator _9130021 |
|
| 942 |
_2lcc _cBK |
||